Sąsiedzi Polski (pełne nazwy) - Statystyki

Ogólne statystyki
  • Ten quiz został rozwiązany 282 razy
  • Średni wynik to 4 z 9
Statystyki odpowiedzi
Liczba ludności Pełna nazwa państwa % Poprawnych
146 877 088 Federacja Rosyjska
90%
83 019 200 Republika Federalna Niemiec
61%
10 649 800 Republika Czeska
59%
37 289 000 Ukraina
44%
2 802 047 Republika Litewska
30%
5 445 802 Republika Słowacka
29%
10 281 189 Królestwo Szwecji
24%
9 451 000 Republika Białorusi
21%
5 822 763 Królestwo Danii
16%
Nie znaleziono quizów pasujących do podanych kryteriów
Rozkład punktacji
Procent ludzi z każdym wynikiem
Percentyl według liczby udzielonych odpowiedzi
Twoja historia wyników
Nie rozwiązałeś tego quizu